Silver bells / Diana Palmer.
Available copies
- 1 of 1 copy available at LARL/NWRL Consortium. (Show)
- 1 of 1 copy available at Northwest Regional Library.
Current holds
0 current holds with 1 total copy.
View other formats and editions
Show Only Available Copies
| Location | Call Number / Copy Notes | Barcode | Shelving Location | Status | Due Date |
|---|---|---|---|---|---|
| Warroad Public Library | BOOK-ON-CD PAL (Text) | 35500005565278 | Main | Available | - |
Record details
- ISBN: 9781469267890
- ISBN: 1469267896
- ISBN: 9781469267883
- ISBN: 1469267888
- Physical Description: 8 audio discs (9 hr., 44 min.) : digital ; 4 3/4 ... Read More
- Edition: Unabridged, [library ed.].
- Publisher: Grand Haven, Mich. : Brilliance Audio, ℗2012.
Content descriptions
| General Note: | Compact discs. |
| Formatted Contents Note: | Man of ice -- Heart of ice. |
| Participant or Performer Note: | Performed by Jeff Crawford. |
| Summary, etc.: | "Man of Ice: After a less than magical one-night ... Read More |
Search for related items by subject
| Subject: | Ranchers > Fiction. Women novelists > Fiction. Man-woman relationships > Fiction. Wyoming > Fiction. Man-woman relationships. Ranchers. Women novelists Wyoming. |
| Genre: | Audiobooks. Fiction. Love stories. Audiobooks. |
| LDR | 02587cim a2200601Ia 4500 | ||
|---|---|---|---|
| 001 | 226206 | ||
| 003 | LARL_NWRL_CONSORTIUM | ||
| 005 | 20170124204417.0 | ||
| 007 | sd fungnnmmneu | ||
| 008 | 121221s2012 miunnnn f n eng d | ||
| 019 | . | ‡a823175353 | |
| 020 | . | ‡a9781469267890 | |
| 020 | . | ‡a1469267896 | |
| 020 | . | ‡a9781469267883 | |
| 020 | . | ‡a1469267888 | |
| 024 | 3 | . | ‡a9781469267883 |
| 035 | . | ‡a(OCoLC)822597498 ‡z(OCoLC)823175353 | |
| 043 | . | ‡an-us-wy | |
| 082 | 0 | 4. | ‡a813/.54 ‡223 |
| 049 | . | ‡aNRGA | |
| 100 | 1 | . | ‡aPalmer, Diana. ‡0(LARL_NWRL_CONSORTIUM)138007 |
| 245 | 1 | 0. | ‡aSilver bells / ‡cDiana Palmer. |
| 250 | . | ‡aUnabridged, [library ed.]. | |
| 260 | . | ‡aGrand Haven, Mich. : ‡bBrilliance Audio, ‡c℗2012. | |
| 300 | . | ‡a8 audio discs (9 hr., 44 min.) : ‡bdigital ; ‡c4 3/4 in. | |
| 306 | . | ‡a094400 | |
| 336 | . | ‡aspoken word ‡bspw ‡2rdacontent | |
| 337 | . | ‡aaudio ‡bs ‡2rdamedia | |
| 338 | . | ‡aaudio disc ‡bsd ‡2rdacarrier | |
| 511 | 0 | . | ‡aPerformed by Jeff Crawford. |
| 500 | . | ‡aCompact discs. | |
| 520 | . | ‡a"Man of Ice: After a less than magical one-night stand, cynical Dawson Rutherford needs the help of the woman he considers seduced him. Barrie Bell, still reeling from their encounter, is ambivalent about aiding his scheme. She's kept a secret from Dawson ... one that could free them both to love again! Heart of Ice: Knowing she dislikes him down to his arrogant bones, Egan Winthrop invites Kati James to his ranch to research her next novel. He assumes she knows everything about love. But when passion flares between them, Egan is surprised at how Kati's heat just might be able to melt his heart of ice ..." | |
| 505 | 0 | 0. | ‡tMan of ice -- ‡tHeart of ice. |
| 650 | 0. | ‡aRanchers ‡vFiction. ‡0(LARL_NWRL_CONSORTIUM)167016 | |
| 650 | 0. | ‡aWomen novelists ‡vFiction. ‡0(LARL_NWRL_CONSORTIUM)167918 | |
| 650 | 0. | ‡aMan-woman relationships ‡vFiction. ‡0(LARL_NWRL_CONSORTIUM)165985 | |
| 651 | 0. | ‡aWyoming ‡vFiction. ‡0(LARL_NWRL_CONSORTIUM)167872 | |
| 650 | 7. | ‡aMan-woman relationships. ‡2fast ‡0(LARL_NWRL_CONSORTIUM)38460 | |
| 650 | 7. | ‡aRanchers. ‡2fast ‡0(LARL_NWRL_CONSORTIUM)29401 | |
| 650 | 7. | ‡2fast ‡aWomen novelists ‡0(LARL_NWRL_CONSORTIUM)34740 | |
| 651 | 7. | ‡aWyoming. ‡2fast ‡0(LARL_NWRL_CONSORTIUM)1973 | |
| 655 | 7. | ‡aAudiobooks. ‡2fast ‡0(LARL_NWRL_CONSORTIUM)175801 | |
| 655 | 7. | ‡aFiction. ‡2fast | |
| 655 | 7. | ‡aLove stories. ‡2gsafd | |
| 655 | 7. | ‡aAudiobooks. ‡2lcgft ‡0(LARL_NWRL_CONSORTIUM)175801 | |
| 700 | 1 | . | ‡aCrawford, Jeff ‡c(Narrator) ‡4nrt |
| 700 | 1 | 2. | ‡aPalmer, Diana. ‡tMan of Ice. |
| 700 | 1 | 2. | ‡aPalmer, Diana. ‡tHeart of Ice. |
| 905 | . | ‡ubacont | |
| 901 | . | ‡a226206 ‡b ‡c226206 ‡tbiblio ‡soclc | |

Add to basket
Permalink
Disable Highlighting